Riadenie hodnoty podniku
Guardado en:
| Autor principal: | |
|---|---|
| Autor Corporativo: | |
| Otros Autores: | , , |
| Formato: | Libro |
| Lenguaje: | eslovaco |
| Publicado: |
Bratislava
Wolters Kluwer
2016
|
| Edición: | 1. vyd. |
| Colección: | Ekonómia
|
| Materias: | |
| Etiquetas: |
Sin Etiquetas, Sea el primero en etiquetar este registro!
|
MARC
| LEADER | 00000nam a2200000 4500 | ||
|---|---|---|---|
| 001 | 0222555 | ||
| 005 | 20240527082556.0 | ||
| 020 | |a 978-80-8168-460-9 | ||
| 041 | 0 | |a slo | |
| 044 | |a SK | ||
| 245 | 1 | 0 | |a Riadenie hodnoty podniku |c Miroslav Jakubec, Peter Kardoš ; recenzovali: Helena Majdúchová, Marek Vážan |
| 250 | |a 1. vyd. | ||
| 264 | 1 | |a Bratislava |b Wolters Kluwer |c 2016 | |
| 300 | |a 281 s. [15,9 AH] | ||
| 490 | 1 | |a Ekonómia | |
| 830 | 0 | |a Ekonómia | |
| 610 | 2 | 0 | |a hodnota podniku |
| 610 | 2 | 0 | |a riadenie |
| 610 | 2 | 0 | |a ohodnocovanie podniku |
| 610 | 2 | 0 | |a zdroje informácií |
| 610 | 2 | 0 | |a závierka účtovná |
| 610 | 2 | 0 | |a analýza finančná |
| 610 | 2 | 0 | |a výkonnosť podniku |
| 610 | 2 | 0 | |a investície |
| 610 | 2 | 0 | |a proces investičný |
| 610 | 2 | 0 | |a rozhodovanie investičné |
| 610 | 2 | 0 | |a rozpočty |
| 610 | 2 | 0 | |a zdroje finančné |
| 610 | 2 | 0 | |a štúdie prípadové |
| 100 | 1 | |a Jakubec, Miroslav | |
| 700 | 1 | |a Kardoš, Peter | |
| 700 | 1 | |a Majdúchová, Helena, 1963- | |
| 700 | 1 | |a Vážan, Marek | |
| 710 | 2 | |a Ekonomická univerzita v Bratislave | |